Guess the 1960s song lyrics #230 - Statistics

General Stats
  • This quiz has been taken 10 times
  • The average score is 183 of 257
Answer Stats
Answer % Correct
A
100%
a
100%
can
100%
goin
100%
I
100%
I'm
100%
just
100%
no
100%
of
100%
On
100%
on
100%
the
100%
this
100%
To
100%
to
100%
when
100%
where
100%
Where
100%
you
100%
You
100%
be
89%
in
89%
is
89%
man
89%
now
89%
say
89%
Say
89%
there
89%
down
78%
it
78%
it's
78%
It's
78%
me
78%
my
78%
was
78%
Hear
67%
hear
67%
how
67%
know
67%
or
67%
see
67%
they
67%
time
67%
world
67%
Yeah
67%
day
56%
far
56%
goes
56%
gone
56%
gonna
56%
Gonna
56%
good
56%
grass
56%
Green
56%
green
56%
greener
56%
head
56%
side
56%
still
56%
tell
56%
wanna
56%
ain't
44%
away
44%
bed
44%
cry
44%
dime
44%
Don't
44%
don't
44%
hil
44%
hill
44%
lay
44%
make
44%
spare
44%
sun
44%
told
44%
Well
44%
woman
44%
born
33%
buddy
33%
cryin
33%
gotta
33%
lovin
33%
New Christy Minstrels
33%
nobody
33%
singin
33%
spend
33%
whole
33%
wide
33%
care
22%
cha
22%
Easy
22%
Everybody
22%
mama
22%
ramblin
22%
road
22%
rocky
22%
settle
22%
travelin
22%
valley
22%
weary
22%
Nah
11%
No matching quizzes found
Score Distribution
Percent of People with Each Score
Percentile by Number Answered
Your Score History
You have not taken this quiz